000 00485nam a2200181Ia 4500
008 140529s9999 xx 000 0 und d
020 _a9781607102991
050 _aND 1488
_b.C719 2011
245 _aColor wheels for the artist
260 _aSan Diego, California :
_bThunder Bay Press ,
_cc2011.
300 _a288 p. :
_bcol. ill. ;
_c22 cm.
500 _aIncludes index.
521 _aGE
650 _aArt materials.
650 _aArt.
942 _kFOR
_cBK
999 _c117682
_d117682